| 000 | 00416nam a22001697a 4500 | ||
|---|---|---|---|
| 999 |
_c10504 _d10504 |
||
| 003 | OSt | ||
| 008 | 210223b ||||| |||| 00| 0 eng d | ||
| 020 | _a9789353332303 | ||
| 082 | _a294.592204 PAR | ||
| 100 | _aPATTANAIK, Devdutt | ||
| 245 | _aRamayana Versus Mahabharata | ||
| 250 | _a1st Imp. | ||
| 260 |
_aNew Delhi _bRupa Publication _c2018 |
||
| 300 | _a194 | ||
| 650 | _aGeneral Books | ||
| 942 |
_2ddc _cBK _03 |
||